000 00912nam a22002897a 4500
001 00720
003 DO-SdBPM
005 20250114122910.0
007 00720
008 160706b2009 sp || 00| 0 spa d
020 _a9788497645522
040 _aDO-SdBPM
_bspa
_cBPMSU
082 4 _a823.8
_bS847e 2009
_222
100 1 _aStevenson, Robert Louis
_d1850-1894.
245 1 3 _aEl extraño caso del Dr. Jekyll y Mr. Hyde /
_cRobert Louis Stevenson; traducción Ana Pinedo Hay
260 _aMadrid :
_bEdimat Libros,
_c2009
_g
300 _a120 p. ;
_c20 cm.
490 0 _a Clásicos de la literatura
500 _aTexto íntegro con introducción
590 _aInventariado, 2025/VM
650 4 _aNovela juvenil inglesa
650 4 _aNovela de suspenso
_v
650 4 _a Locura
_vNovela juvenil
700 1 _aPinedo Hay, Ana
_etraductora
910 _aVMateo V. Control de calidad. BPMSU
942 _2ddc
_cBK
999 _c11190
_d11190